| 000 | 00850nam a22001817a 4500 | ||
|---|---|---|---|
| 999 |
_c189413 _d189413 |
||
| 010 | _aB-744774 RP Aruna Nagar | ||
| 020 | _c235.00 | ||
| 035 | _aB-744774 | ||
| 037 | _bPansy Books | ||
| 082 | _a345.54 | ||
| 245 |
_aThe Indian Penal Code: _b(45 of 1860) as amended by The Jammu and Kashmir Reorganization Act,2019 (34 of 2019) and classification of offences, subject index / |
||
| 260 |
_aGurgaon _bLexisNexis _c2022 |
||
| 270 |
_a14th Floor, Building No.10, Tower-B, DLF Cyber City, Phase-II _bGurgaon _e122002 _k911244774444 |
||
| 300 |
_axxxix,214p. _c24cm(pbk) |
||
| 500 | _aIncludes Subject Index | ||
| 942 |
_2ddc _cEN _mIND _h345.54 |
||